| 000 | 01916nam a2200553 i 4500 | ||
|---|---|---|---|
| 001 | 15606 | ||
| 003 | KOSZ 005 | ||
| 005 | 20200703084025.0 | ||
| 008 | 200421s1973 pl a f f 000 0 pol | ||
| 015 | _aUWD 1973/10182 | ||
| 035 | _a991034472779705066 | ||
| 035 | _a(PL-WaBN)b19218795-48omnis_nlop | ||
| 035 | _ab19218795 | ||
| 035 | _a(OCoLC)751449307 | ||
| 035 | _a(PL)b0000001921879 | ||
| 035 | _a(EXLNZ-48OMNIS_NETWORK)9910066762405606 | ||
| 040 |
_aWA N _cWA N _dKOSZ 005/RW |
||
| 046 | _k1973 | ||
| 080 | _a69 | ||
| 080 | _a657.47 | ||
| 080 | _a338.5 | ||
| 080 | _a(07) | ||
| 100 | 1 |
_aPałaszewski, Tadeusz _eAutor |
|
| 245 | 1 | 0 |
_aRachunek cen i kosztów w budownictwie / _cTadeusz Pałaszewski. |
| 250 | _aWydanie 2. | ||
| 260 |
_aWarszawa : _b"Arkady", _c1973. |
||
| 300 |
_a255 stron, [7] kart tablic : _bilustracje ; _c25 cm. |
||
| 336 |
_aTekst _btxt _2rdacontent |
||
| 337 |
_aBez urządzenia pośredniczącego _bn _2rdamedia |
||
| 338 |
_aWolumin _bnc _2rdacarrier |
||
| 380 | _aKsiążki | ||
| 380 | _aPublikacje fachowe | ||
| 380 | _aPublikacje dydaktyczne | ||
| 388 | _a1901-2000 | ||
| 388 | _a1945-1989 | ||
| 500 | _aWydanie 1 pod tytułem Rachunek kosztów w budownictwie. | ||
| 504 | _aBibliografia na stronie 255. | ||
| 521 | 8 | _aPraca jest przeznaczona dla studentów wydziałów architektury i inżynierii budowlanej jako książka pomocnicza oraz dla inżynierów zatrudnionych w projektowaniu i wykonawstwie budowlanym. | |
| 650 | 7 |
_aBudownictwo _2DBN |
|
| 650 | 7 | _aCeny | |
| 650 | 7 | _aKoszty | |
| 655 | 7 |
_aPodręcznik _2DBN |
|
| 658 | _aGospodarka, ekonomia, finanse | ||
| 658 | _aArchitektura i budownictwo | ||
| 710 | 2 |
_aWydawnictwo Arkady _4pbl |
|
| 856 |
_uhttp://koha.tu.koszalin.pl/cgi-bin/koha/opac-detail.pl?biblionumber=15606 _yKatalog online BPK |
||
| 942 |
_2UKD _cKS |
||
| 999 |
_c15606 _d15606 |
||